Green technologies for environmental security / (Record no. 147262)
[ view plain ]
| 000 -LEADER | |
|---|---|
| fixed length control field | 00710nam a22002417a 4500 |
| 005 - DATE AND TIME OF LATEST TRANSACTION | |
| control field | 20181204110913.0 |
| 010 ## - LCCN (DPL NO) | |
| LC control number | ENG-121342 |
| 020 ## - INTERNATIONAL STANDARD BOOK NUMBER | |
| Terms of availability | 995.00 |
| International Standard Book Number | 9789387225053 |
| 035 ## - SYSTEM CONTROL NUMBER | |
| System control number | EN-104874 |
| 037 ## - SOURCE OF ACQUISITION | |
| Source of stock number/acquisition | DBAD/PUB |
| 082 ## - DEWEY DECIMAL CLASSIFICATION NUMBER | |
| Classification number | 363.7 |
| 245 00 - TITLE STATEMENT | |
| Title | Green technologies for environmental security / |
| Statement of responsibility, etc | edited by Bina Rani...[et. al] |
| 260 ## - PUBLICATION, DISTRIBUTION, ETC. (IMPRINT) | |
| Place of publication, distribution, etc | Agra |
| Name of publisher, distributor, etc | Sunjoy Publisher |
| Date of publication, distribution, etc | 2017 |
| 270 ## - ADDRESS | |
| Address | B-51, Kamla Nagar, |
| City | Agra (UP) |
| Postal code | 282005 |
| 300 ## - PHYSICAL DESCRIPTION | |
| Extent | ix, 299 p. : |
| Dimensions | 23 cm(pbk) |
| Other physical details | ill. |
| 500 ## - GENERAL NOTE | |
| General note | Includes reference |
| 700 ## - ADDED ENTRY--PERSONAL NAME | |
| Personal name | Rani, Bani |
| 700 ## - ADDED ENTRY--PERSONAL NAME | |
| Personal name | Abid, Murtaza |
| 700 ## - ADDED ENTRY--PERSONAL NAME | |
| Personal name | Singh, Upma |
| 700 ## - ADDED ENTRY--PERSONAL NAME | |
| Personal name | Khan, M.M. Abid Ali |
| 700 ## - ADDED ENTRY--PERSONAL NAME | |
| Personal name | Pandey, S.N. |
| 942 ## - ADDED ENTRY ELEMENTS (KOHA) | |
| Source of classification or shelving scheme | Dewey Decimal Classification |
| Item type | English Books |
| Call number suffix | GRE |
| Classification part | 363.7 |
| Withdrawn status | Lost status | Not for loan | Collection code | Home library | Current library | Date acquired | Source of acquisition | Cost, normal purchase price | Full call number | Barcode | Copy number | Cost, replacement price | Koha item type |
|---|---|---|---|---|---|---|---|---|---|---|---|---|---|
| Not For Loan | Non-fiction | D.B.Act.Division | Bawana | 09/11/2017 | DBAD/PUB | 995.00 | 363.7 GRE | EN-104874 | 1 | 995.00 | English Books |
